| 000 | 00550nam a2200169 i 4500 | ||
|---|---|---|---|
| 001 | 36556 | ||
| 003 | ES-MaACL | ||
| 005 | 20230906155407.0 | ||
| 007 | t| | ||
| 008 | 030218s1939 rm ||||1| fre d | ||
| 100 | 1 |
_aBratianu, G. I. ( _d1898-1953) _931393 |
|
| 245 | 1 | 4 |
_aLes origines du peuple roumain _b: les données archeológiques / _cG. I. Bratianu. |
| 260 |
_aBucarest : _b[s.n.], _c1939 ( _fImp. Nationale) |
||
| 300 |
_a51 p., 3 lám. : _b1 map. ; _c19 cm. |
||
| 651 | 4 |
_aRumanía- _xHistoria. _9137345 |
|
| 852 |
_aES-MaACL _j1626-F-20 _bR.18635 |
||
| 999 |
_c36556 _d36556 |
||